000 00288nam a22001337a 4500
008 170526b xxu||||| |||| 00| 0 eng d
020 _a0026675900
041 _aeng
080 _a624
100 _a25
101 _aIM
245 _aPRODUCTION TECHNOLOGY
_cFEIRER, J.L
942 _2udc
_cBK
999 _c14411
_d14411